STN EN 530+AC: 1999, [neplatná] (83 2726) Odolnosť materiálov ochranných odevov proti oderu Skúšobné metódy (obsahuje Zmenu AC: 1995)

Bibliographic Details
Format: Book
Language:Undetermined
PhysicalDescription:12 s.
Published: Bratislava Úrad pre normalizáciu, metrológiu a skúšobníctvo SR 1999
Subjects:

MARC

LEADER 00000cam a2200000 a 4500
001 vtls001354423
003 SK-MaSNL
005 20260301114912.0
008 180126s1999 xo 0 und
035 |a SNK000307864 
040 |a SNK  |b slo  |c SNK  |e AACR2 
044 |a xo  |c SK 
046 |a m  |m 199901 (účin. )  |n 201011 
072 7 |a 614.8  |x Úrazy a ich prevencia  |2 konspekt 
072 7 |a 646  |x Odievanie. Starostlivosť o telo  |2 konspekt 
080 |a 614.89  |2 2001 
080 |a 646.4  |2 2011 
130 |a STN 83 2726: 1999, [neplatná] (STN EN 530+AC)  |9 459061 
245 1 |a STN EN 530+AC: 1999, [neplatná] (83 2726) Odolnosť materiálov ochranných odevov proti oderu  |b Skúšobné metódy (obsahuje Zmenu AC: 1995) 
260 |a Bratislava  |b Úrad pre normalizáciu, metrológiu a skúšobníctvo SR  |c 1999 
300 |a 12 s. 
500 |a Norma je nahradená normou STN EN 530 z novembra 2010 v celom rozsahu 
500 |a Dátum účinnosti opravy normy: január 1999 
650 0 7 |a prostriedky osobnej ochrany  |2 SNKPH  |9 69398 
650 0 7 |a odevy  |2 SNKPH  |9 27026 
650 0 7 |a Personal protective equipment  |2 SNKPHeng  |9 290910 
650 0 7 |a Clothing  |2 SNKPHeng  |9 267468 
774 1 8 |t STN EN 530: 2010  |d Bratislava : Slovenský ústav technickej normalizácie, 2010  |w vtls010187902 
852 |a Štátna vedecká knižnica v Banskej Bystrici 
999 |c 720176  |d 722106 
952 |t P60, <03>, [BOOK], {603}  |a SNK  |b SNK  |y PREZ  |7 0  |p 17A0179948  |o snkSTN EN 530+AC  |i snkN 561/99  |0 0  |1 0  |4 0  |d 1999-02-04  |l 0  |r 2005-01-02 00:00:00  |w 2026-02-23 
952 |t P60, <04>, [BOOK], {604}  |a SNK  |b SNK  |y VYP  |7 0  |p 17A0179949  |o snkSTN EN 530+AC D1  |i snkN 562/99  |0 0  |1 0  |4 0  |d 1999-02-04  |l 0  |r 2005-01-02 00:00:00  |w 2026-02-23